01183naa a2200229 i 45000010005000000030009000050050017000140080041000310400029000720800011001011000118001122450109002306500026003396500037003656500016004027000120004187730178005388560111007168560098008279420013009259990015009389493KOSZ 00520190606151717.0180329s2012 pl a f |000 0 pol  aKOSZ 005/HRcKOSZ 005/HR a621.921 aNADOLNY, Krzysztof.bPolitechnika Koszalińska - Wydział Mechaniczny,cKatedra Inżynierii Produkcjid2006 - .1 aProces szlifowania otworów w materiałach trudno skrawalnych /cKrzysztof Nadolny, Wojciech Kapłonek. 0aMateriały ścierne. 0aMateriały twarde i supertwarde. 4aSzlifowanie1 aKAPŁONEK, Wojciech.bPolitechnika Koszalińska - Wydział Mechaniczny, cKatedra Inżynierii Produkcjid2008 - .0 iW :tWysoko efektywne szlifowanie materiałów trudno skrawalnych. -dKoszalin : Wydaw. Uczelniane Politechniki Koszalińskiej, 2012. -kMonografia Wydziału Mechanicznego uhttp://dlibra.tu.koszalin.pl/dlibra/docmetadata?id=962&from=&dirids=1&ver_id=&lp=1&QI=yBiblioteka Cyfrowa uhttp://koha.tu.koszalin.pl/cgi-bin/koha/opac-detail.pl?biblionumber=61606yKatalog online BPK 2UKDcROZ c9493d9493